000 01099nam a2200301 i 4500
001 bg
100 1 _aJOYCE, Bruce
245 1 0 _aPrzykłady modeli uczenia się i nauczania /
_cBruce Joyce, Emily Calhoun, David Hopkins ; tł. Krzysztof Kruszewski.
246 _iTyt. oryg.:
_aModels of learning - tools for teaching
260 _aWarszawa :
_bWydawnictwa Szkolne i Pedagogiczne,
_c1999.
300 _a201 s. ;
_c24 cm.
500 _aTyt. oryg.: "Models of learning - tools for teaching" 1997.
504 _aBibliogr.
650 9 _aNauczanie
_xmetody
650 9 _aUczenie się
_xmetody
700 1 _aCALHOUN, Emily
700 1 _aHOPKINS, David
700 1 _aKRUSZEWSKI, Krzysztof.
_eTł.
020 _a8302074268
040 _cBPK
041 1 _apl
_heng
080 _a371.3:37.041:159.953
920 _a83-02-07426-8
942 _cKS
008 s pl f |000 0 pol
856 _uhttp://koha.tu.koszalin.pl/cgi-bin/koha/opac-detail.pl?biblionumber=43622
_yKatalog online BPK
999 _c43622
_d43622